Shetland Isles have best quality of life (Record no. 83690)
[ view plain ]
| 000 -LEADER | |
|---|---|
| fixed length control field | 00938cad a22002055a 4500 |
| 001 - CONTROL NUMBER | |
| control field | E154636 |
| 008 - FIXED-LENGTH DATA ELEMENTS--GENERAL INFORMATION | |
| fixed length control field | 120109e20111224xxk 000 0 eng u |
| 035 ## - SYSTEM CONTROL NUMBER | |
| System control number | (Sirsi) u154636 |
| 041 0# - LANGUAGE CODE | |
| Language code of text/sound track or separate title | eng |
| 110 2# - MAIN ENTRY--CORPORATE NAME | |
| Corporate name or jurisdiction name as entry element | Bank of Scotland |
| 9 (RLIN) | 5792 |
| 245 00 - TITLE STATEMENT | |
| Title | Shetland Isles have best quality of life |
| Medium | [electronic resource] |
| 260 ## - PUBLICATION, DISTRIBUTION, ETC. | |
| Date of publication, distribution, etc. | 2011 |
| 490 ## - SERIES STATEMENT | |
| Series statement | Bank of Scotland Press Release |
| Volume/sequential designation | 24 December 2011 |
| 520 ## - SUMMARY, ETC. | |
| Summary, etc. | The latest yearly Bank of Scotland Quality of Life Survey for 2011 suggests that people living in the Shetland Isles have the best quality of life in Scotland, based on health, life expectancy, employment and school performance. |
| 590 ## - LOCAL NOTE (RLIN) | |
| Local note | KA |
| 651 #4 - SUBJECT ADDED ENTRY--GEOGRAPHIC NAME | |
| Geographic name | Scotland |
| Chronological subdivision | 1999- |
| 690 ## - LOCAL SUBJECT ADDED ENTRY--TOPICAL TERM (OCLC, RLIN) | |
| Topical term or geographic name as entry element | PROPERTY-RESIDENTIAL PROPERTY-RESIDENTIAL PROPERTY MARKET |
| 856 40 - ELECTRONIC LOCATION AND ACCESS | |
| Uniform Resource Identifier | <a href="https://www.lloydsbankinggroup.com/media/pdfs/bos/2011/241211quality_of_life.pdf">https://www.lloydsbankinggroup.com/media/pdfs/bos/2011/241211quality_of_life.pdf</a> |
| Public note | View the news release free of charge at www.lloydsbankinggroup.com |
| 942 ## - ADDED ENTRY ELEMENTS (KOHA) | |
| Suppress in OPAC | 0 |
| Withdrawn status | Lost status | Source of classification or shelving scheme | Damaged status | Not for loan | Home library | Current library | Shelving location | Date acquired | Total Checkouts | Full call number | Barcode | Date last seen | Copy number | Price effective from | Koha item type |
|---|---|---|---|---|---|---|---|---|---|---|---|---|---|---|---|
| Dewey Decimal Classification | Virtual | Virtual | Online | 09/01/2012 | ONLINE PUBLICATION | 154636-2001 | 06/08/2019 | 1 | 06/08/2019 | Journal article |